000 00177 a2200097 4500
020 _a9780545112758
041 _aeng
100 _aAnne Schreiber
245 _aSharks
942 _cK
999 _c31366
_d31364